| 000 | 01664cab a2200229 4500 | ||
|---|---|---|---|
| 001 | ##L131342 | ||
| 008 | 051021n2005 000 0 eng u | ||
| 035 | _a(Sirsi) u131342 | ||
| 041 | 0 | _aeng | |
| 100 | 1 | _aAllen, Becky | |
| 245 | 0 | 0 | _aStudied to death |
| 260 | _c2005 | ||
| 490 |
_aHealth and Safety Bulletin _v342 October 2005, 11-14(4) |
||
| 520 | _aA new report The role and effectiveness of safety representatives in influencing workplace health and safety, concludes that such reps have an important part to play in improving health and safety at work but that failure to enforce the already existing legal framework often prevents them functioning properly. Studies of the chemical and construction industries show a clear correlation between effective consultation and provision on health and safety and general employment matters, with senior management commitment to occupational health and safety and worker participation being a key factor. As more legislation or government enforcement is unlikely, the report recommends that trade unions must seek to broaden their involvement, whilst employers must be persuaded that it is in their interests to show more commitment to health and safety and workers representation. | ||
| 590 | _aIKA251005 | ||
| 650 | 2 | 4 | _aOCCUPATIONAL HEALTH AND SAFETY |
| 650 | 2 | 4 | _aSAFETY REPRESENTATIVES AND SAFETY COMMITTEES REGULATIONS 1977 |
| 650 | 2 | 4 | _aHEALTH AND SAFETY (CONSULTATION WITH EMPLOYEES) REGULATIONS 1996 |
| 650 | 2 | 4 | _aTHE ROLE AND EFFECTIVENESS OF SAFETY REPRESENTATIVES IN INFLUENCING WORKPLACE HEALTH AND SAFETY |
| 690 | _aMANAGEMENT-HEALTH AND SAFETY-PERSONAL HEALTH AND SAFETY | ||
| 942 | _n0 | ||
| 999 |
_c76052 _d76052 |
||